| Tag |
First Indicator |
Second Indicator |
Subfields |
| LEADER |
00000cam a2200000 4500 |
| 001 |
in00000034935 |
| 005 |
20151007063446.0 |
| 008 |
720328r1965 mauach b 00010ceng u |
| 010 |
|
|
|a 65026244
|
| 035 |
|
|
|a (OCoLC)00272053
|
| 035 |
|
|
|9 AAD7452AM
|
| 040 |
|
|
|c WSU
|d TXA
|d UtOrBLW
|
| 049 |
|
|
|a TXAM
|c [465777]
|
| 050 |
|
0 |
|a PS1541.Z5
|b S43
|
| 092 |
|
|
|a 811
|b D553Yse
|
| 100 |
1 |
|
|a Sewall, Richard Benson.
|
| 245 |
1 |
4 |
|a The Lyman letters ;
|b new light on Emily Dickinson and her family /
|c [by] Richard B. Sewall.
|
| 264 |
|
1 |
|a Amherst :
|b University of Massachusetts Press,
|c 1965.
|
| 300 |
|
|
|a vii, 86 pages :
|b illustrations, facsimiles, portrait ;
|c 25 cm.
|
| 336 |
|
|
|a text
|b txt
|2 rdacontent
|
| 337 |
|
|
|a unmediated
|b n
|2 rdamedia
|
| 338 |
|
|
|a volume
|b nc
|2 rdacarrier
|
| 504 |
|
|
|a Bibliographical footnotes.
|
| 600 |
1 |
0 |
|a Dickinson, Emily,
|d 1830-1886.
|
| 600 |
1 |
0 |
|a Lyman, Joseph B.
|q (Joseph Bardwell),
|d 1829-1872.
|
| 600 |
3 |
0 |
|a Dickinson family.
|
| 999 |
|
|
|a MARS
|
| 999 |
f |
f |
|s 988d3759-53ce-3614-8fc9-edba86b67658
|i 6d0f469b-0596-3626-a850-b6c19c568fa6
|t 0
|
| 952 |
f |
f |
|p normal
|a Texas A&M University
|b College Station
|c Sterling C. Evans Library
|d Evans: Library Stacks
|t 0
|e PS1541.Z5 S43
|h Library of Congress classification
|i unmediated -- volume
|m A14801214803
|
| 998 |
f |
f |
|a PS1541.Z5 S43
|t 0
|l Evans: Library Stacks
|